000 00466nam a2200169Ia 4500
999 _c10439
_d10439
003 OSt
005 20250611170734.0
008 210107s9999 xx 000 0 und d
020 _a9780140278330
040 _c.
082 _a303.490954
_bK141
100 _aKalam, A P J Abdul
245 0 _aIndia 2020 : A Vision for the new millennium /
_cA. P. J. Abdul Kalam & Y. S. Rajan
260 _aNew Delhi :
_bPenguin Books,
_c2002.
300 _a312 p.
942 _cBK
_2ddc